000 00439nam a2200193Ia 4500
005 20240823022738.0
008 240823s9999||||xx |||||||||||||| ||und||
020 _a81-7809-264-6
041 _aENGLISH
082 _A158 P4
100 _a"Pearsall,Paul"
245 4 _aThe Pleasure Prescription
250 _a1st
260 _c2004
_b"Magna,M"
_aMumbai
500 _aYES
650 _aLife
_bGeneral
942 _cBK
999 _c179901
_d179901